Statistics for Famous male singers (photos)

Click here to take the quiz!

General Stats

  • This quiz has been taken 195 times
    (194 since last reset)
  • The average score is 28 of 47

Answer Stats

Answer% Correct
Michael Jackson
94%
Elvis Presley
93%
Elton John
90%
Justin Bieber
90%
Bruno Mars
88%
Ed Sheeran
86%
Justin Timberlake
86%
Bob Marley
80%
Snoop Dogg
80%
Kanye West
77%
Prince
77%
John Lennon
76%
Eminem
76%
Paul McCartney
76%
Stevie Wonder
73%
Mick Jagger
70%
David Bowie
69%
Freddie Mercury
68%
Louis Armstrong
67%
Lionel Richie
65%
John Legend
65%
Bono
64%
Sting
62%
Sam Smith
61%
Frank Sinatra
60%
Harry Styles
60%
Seal
60%
Ray Charles
59%
Jimi Hendrix
59%
Steven Tyler
52%
Bruce Springsteen
51%
Eric Clapton
50%
Phil Collins
47%
Billy Joel
45%
Shawn Mendes
45%
Bob Dylan
44%
Roy Orbison
41%
Alice Cooper
39%
Jon Bon Jovi
39%
Frank Zappa
39%
Marvin Gaye
38%
Chris Brown
36%
Bryan Adams
35%
Paul Simon
35%
Usher
26%
John Mayer
24%
Otis Redding
16%

Score Distribution

Percentile by Number Answered

Percent of People with Each Score

Your Score History

You have not taken this quiz since the last reset